[Event "Criciuma op-B"]
[Site "Criciuma"]
[Date "2024.01.12"]
[Round "1"]
[White "Senger, Maria Clara da Silv"]
[Black "Fabre, Lucas Mendes"]
[Result "1-0"]
[WhiteElo "1490"]
[BlackElo "1800"]
[PlyCount "75"]
[EventDate "2024.01.12"]
[EventType "swiss"]
[EventRounds "9"]
[EventCountry "BRA"]
[SourceTitle "CBM 218 Extra"]
[Source "ChessBase"]
[SourceDate "2024.03.31"]
[SourceVersion "1"]
[SourceVersionDate "2024.03.31"]
[SourceQuality "1"]

1. e4 e5 2. Nf3 Nc6 3. Bc4 Bc5 4. d3 h6 5. Nbd2 Nf6 6. 0-0 0-0 7. Re1 d6 8. Nf1 Na5 9. a4 Nxc4 10. dxc4 Be6 11. Qd3 Nh5 12. c3 a6 13. b3 c6 14. Qe2 Nf4 15. Bxf4 exf4 16. Rad1 Qc7 17. N1d2 Rfe8 18. Nd4 Bd7 19. Qd3 Rad8 20. N2f3 Bg4 21. h3 Bh5 22. b4 Ba7 23. Nf5 Rd7 24. Nxd6 Bxf3 25. gxf3 Red8 26. e5 f6 27. c5 fxe5 28. Qc4+ Kh8 29. Nf7+ Rxf7 30. Rxd8+ Qxd8 31. Qxf7 Qg5+ 32. Kh2 Qh4 33. Rf1 Qd8 34. Rg1 g5 35. Qe6 Qf8 36. Qxe5+ Kg8 37. Qe6+ Kh7 38. Re1 1-0